Les 15 meilleurs dribbleurs du football - Statistiques

Statistiques générales
  • Ce quiz a été pris 515 fois
  • Le résultat moyen est 10 sur 15
Statistiques - réponses
Indice ( Prime ) Réponse % Correct
Portugal, BU, Manchester United Cristiano Ronaldo
100%
Argentine, AD, Barcelone Messi
100%
Brésil, BU, Real Madrid Ronaldo
99%
Brésil, AG, Barcelone Neymar
98%
Brésil, AG, Barcelone Ronaldinho
95%
France, MC, Juventus Zidane
85%
Brésil, AG, Real Madrid Vinicius
74%
Pays-Bas, AC, Ajax Cruyff
70%
Brésil, BU, Santos FC Pelé
69%
Argentine, BU, Naples Maradona
68%
Niger, AC, Paris SG Okocha
49%
Irlande, AD, Manchester United Best
43%
Brésil, AD, Equipe Nationale du Brésil Garrincha
42%
Pays-Bas, AC, Inter Milan Bergkamp
9%
Angleterre, BU, Blackpool FC Matthews
3%
Aucun quiz correspondant
Distribution des résultats
% des personnes avec chaque résultat
Percentile par nombre de réponses
Votre historique - résultats
Vous n’avez pas pris ce quiz